000 00446nam a2200169Ia 4500
008 230524s9999 xx 000 0 und d
020 _a9789380578361
082 _a624.151363
_bSWA
100 _aSwami Saran
_942911
245 0 _aReinforced Soil and its Engineering Applications
250 _a2
260 _aNew Delhi
_bI.K.International
_c2010
300 _a"XIII,424p;"
500 _aQuantity Number: 1
650 _aCivil
942 _cBK
999 _c57878
_d57878